000 00730cab a2200205 4500
001 ABS45720
008 090401t1992 xxu||||| |||| 00| 0 eng d
035 _a(Sirsi) u54737
041 _aeng
100 _aHarris, P
245 _aEnvironmental audits - a panacea?
260 _c1992
350 _a0
490 _aEnvironment Information Bulletin
_v(3) January 1992, 12-14(3)
520 _aComparing environmental with energy and financial audits, this article suggests that the former`s greater complexity may make them less satisfactory than their counterparts, and should not be relied on alone.
650 _aENVIRONMENTAL AUDITS
690 _aENVIRONMENTAL AND LAND CONSULTANCY
942 _n0
948 _c04/03/1997
999 _c33552
_d33552